Statistiques concernant Régions et départements associés

Cliquez ici pour prendre le quiz!

Statistiques générales

  • Ce quiz a été pris 368 fois
  • Le résultat moyen est 63 sur 96

Statistiques - réponses

RégionDépartements% Correct
AlsaceBas-Rhin
98%
Haut-Rhin
98%
Finistère
79%
Gironde
79%
CorseCorse du Sud
77%
Morbihan
77%
Haute-Corse
77%
Landes
75%
Nord-Pas de CalaisNord
74%
Pas de Calais
74%
BretagneCôtes d'Armor
74%
AquitaineDordogne
74%
Puy de Dôme
72%
AuvergneAllier
71%
Ille et Vilaine
71%
BourgogneCôte d'or
70%
Ile de FranceParis
70%
Territoire de Belfort
70%
Jura
70%
Champagne-ArdennesArdennes
70%
Basse-NormandieCalvados
69%
Pyrénées atlantiques
69%
Cantal
69%
Franche-ComtéDoubs
69%
Yvelines
68%
Hautes-Alpes
68%
Hérault
68%
Alpes maritimes
68%
Var
68%
Seine-Saint-Denis
67%
LorraineMeurthe et Moselle
67%
Moselle
67%
Bouches du Rhône
67%
Vaucluse
67%
Rhône-AlpesAin
67%
Provence-Alpes-Côte d'AzurAlpes de Haute-Provence
67%
Val de Marne
67%
Languedoc-RoussillonAude
66%
Val d'Oise
66%
Seine et Marne
66%
Poitou-CharenteCharente
66%
Charente maritime
66%
Yonne
66%
Somme
66%
PicardieAisne
66%
Meuse
65%
Haute-Saône
65%
Pyrénées orientales
65%
Gard
65%
Oise
64%
Loiret
64%
CentreCher
64%
Seine maritime
64%
Manche
64%
Nièvre
64%
Savoie
64%
Tarn et Garonne
63%
Ardèche
63%
Pays de la LoireLoire Atlantique
63%
Rhône
63%
LimousinCorrèze
63%
Tarn
63%
Haute-Marne
63%
Saône et Loire
63%
Indre
63%
Marne
63%
Hauts de Seine
63%
Haute-Savoie
63%
Haute-NormandieEure
62%
Haute-Loire
62%
Isère
62%
Indre et Loire
62%
Lot et Garonne
61%
Drôme
61%
Aube
61%
Orne
61%
Vendée
61%
Sarthe
61%
Essonne
60%
Aveyron
60%
Haute-Garonne
60%
Loir et Cher
60%
Lot
59%
Vosges
59%
Maine et Loire
59%
Mayenne
59%
Vienne
59%
Haute-Vienne
59%
Deux-Sèvres
59%
Gers
58%
Eure et Loir
58%
Lozère
58%
Loire
58%
Midi-PyrénéesAriège
58%
Creuse
57%
Hautes-Pyrénées
54%

Distribution des résultats

Percentile par nombre de réponses

% des personnes avec chaque résultat

Votre développement - résultats

Vous n’avez pas pris ce quiz